Flagi państw Oceanii według stolic (Bardzo Trudne +) - Statystyki

Ogólne statystyki
  • Ten quiz został rozwiązany 65 razy
    12 od ostatniego zresetowania
  • Średni wynik to 17 z 31
Statystyki odpowiedzi
Obrazkowy Hint Odpowiedź % Poprawnych
Honiara
88%
Ngerulmud
88%
Suva
88%
(Japonia - Ogasawara) Tokio
88%
Wellington
88%
Apia
75%
Bairiki / Tarawa
75%
Canberra
75%
Nuku‘alofa
75%
Palikir
75%
Port Moresby
75%
Port Vila
75%
(Chile - Sala y Gómez) Santiago
75%
Vaiaku / Funafuti
75%
Waszyngton
75%
Yaren
75%
Delap / Majuro
63%
Dżakarta
63%
Alofi
38%
Capital Hill / Saipan
38%
Hagåtña
38%
Kingston
38%
Pago Pago / Fagatogo
38%
Papeete
38%
Hanga Roa
25%
Honolulu
25%
Numea
25%
Adamstown
13%
Atafu
13%
Avarua
13%
Mata Utu
13%
Nie znaleziono quizów pasujących do podanych kryteriów
Rozkład punktacji
Procent ludzi z każdym wynikiem
Percentyl według liczby udzielonych odpowiedzi
Twoja historia wyników
Nie rozwiązałeś tego quizu od ostatniego zresetowania